000
00223nam a22000977a 4500
008
160519b xxu||||| |||| 00| 0 eng d
041
_a
eng
080
_a
573
245
_a
Animal parasiyology:
_c
Robert Hegner;
942
_2
udc
_c
BK
999
_c
2255
_d
2255